| 000 | 00922cam a2200265 a 4500 | ||
|---|---|---|---|
| 001 | 13874653 | ||
| 003 | OSt | ||
| 005 | 20230930143234.0 | ||
| 008 | 050216s2006 maua 001 0 eng | ||
| 010 | _a 2005042186 | ||
| 020 | _a0321287134 | ||
| 040 |
_aDLC _cDLC _dDLC |
||
| 050 | 0 | 0 |
_aQA184.2 _b.L39 2006 |
| 082 | 0 | 0 |
_a512.5 _bLAY/L |
| 100 |
_aLay, David C _93754 |
||
| 245 | 1 | 0 |
_aLinear algebra and it's applications / _cDavid C. Lay. |
| 250 | _a3rd ed. update. | ||
| 260 |
_aBoston : _bPearson/Addison-Wesley, _cc2006. |
||
| 300 |
_a1 v. (various pagings) : _bcol. ill. ; _c24 cm. + |
||
| 500 | _aIncludes index. | ||
| 650 | 0 |
_aAlgebras, Linear _vTextbooks. |
|
| 906 |
_a7 _bcbc _corignew _d1 _eocip _f20 _gy-gencatlg |
||
| 942 |
_2ddc _cBK _h512.5 _iLAY/L _k512.5 _mLAY/L |
||
| 999 |
_c42356 _d42356 |
||